MASCOTAS DE CLUBES DE FUTBOL - Estadísticas

Estadísticas generales
  • Esta prueba ha sido intentada 61 veces
  • La puntuación promedio es 10 de 15
Estadísticas de respuestas
Imagen Respuesta % Correcto
Cat - FC Barcelona
88%
Palmerín - Real Betis
88%
SuperPepino - CD Leganés
88%
Indi - Atletico de Madrid
82%
Pio Pio - UD Las Palmas
80%
Rojillo y Rojilla - CA Osasuna
80%
Txurdin - Real Sociedad
78%
Dimonió - RCD Mallorca
74%
Pepe Zorrillo - Real Valladolid
74%
Amunt - Valencia
72%
Dragonés - SD Huesca
52%
Babazorro - Alavés
50%
Sisa - Girona FC
42%
Groguet - Villareal CF
40%
Morciyeti - Burgos CF
36%
No se encontraron pruebas coincidentes
Distribución de puntuación
Porcentaje de gente con cada puntuación
Porcentaje por número respondido
Historial de tus puntuaciones
No has intentado esta prueba.